[Event "Muensterland Verbandsklasse playoff"]
[Site "Germany"]
[Date "2022.05.14"]
[Round "3.6"]
[White "Hoelter, Dirk"]
[Black "Winter, Reinhold"]
[Result "1-0"]
[WhiteElo "1696"]
[BlackElo "1651"]
[PlyCount "71"]
[EventDate "2022.04.02"]
[EventType "team-tourn"]
[EventRounds "5"]
[EventCountry "GER"]
[SourceTitle "EXT 2023"]
[Source "ChessBase"]
[SourceDate "2022.10.05"]
[SourceVersion "1"]
[SourceVersionDate "2022.10.05"]
[SourceQuality "1"]
[WhiteTeam "Heiden"]
[BlackTeam "Rheine Klein Berlin II"]
[WhiteTeamCountry "GER"]
[BlackTeamCountry "GER"]

1. e4 c6 2. d4 d5 3. Nd2 dxe4 4. Nxe4 Bf5 5. Ng3 Bg6 6. h4 h5 7. Nf3 Nd7 8. Bd3 Bxd3 9. Qxd3 g6 10. Be3 Ngf6 11. 0-0 Bg7 12. Rad1 e6 13. Rfe1 0-0 14. Bg5 Re8 15. Ne4 Qc7 16. Qd2 Nxe4 17. Rxe4 Nf6 18. Re2 Ng4 19. Bf4 Qd7 20. Ne5 Nxe5 21. dxe5 Qc7 22. Qe3 b6 23. Red2 Rad8 24. Rd6 Bf8 25. Qd4 Rxd6 26. exd6 Qd7 27. Be5 c5 28. Qc3 Rc8 29. Qg3 Bg7 30. Bxg7 Kxg7 31. Qe5+ Kh7 32. Qf6 Re8 33. Rd3 Kg8 34. g4 hxg4 35. h5 e5 36. h6 1-0

[Event "RLP Seniors op 17th"]
[Site "Neustadt an der Weinstrasse"]
[Date "2019.07.23"]
[Round "4"]
[White "Winter, Reinhold"]
[Black "Kalkmann, Hans"]
[Result "1-0"]
[WhiteElo "1774"]
[BlackElo "1858"]
[PlyCount "71"]
[EventDate "2019.07.20"]
[EventType "swiss"]
[EventRounds "9"]
[EventCountry "GER"]
[SourceTitle "CBM 192 Extra"]
[Source "Chessbase"]
[SourceDate "2019.11.06"]
[SourceVersion "1"]
[SourceVersionDate "2019.11.06"]
[SourceQuality "1"]

1. c4 e6 2. Nc3 d5 3. cxd5 exd5 4. d4 Nf6 5. g3 c6 6. Bg2 Bd6 7. Nf3 0-0 8. 0-0 Re8 9. Bg5 Nbd7 10. a3 h6 11. Bd2 Nf8 12. b4 a6 13. Qc2 Ne4 14. Nxe4 dxe4 15. Ne1 Bf5 16. e3 Qd7 17. Bc3 Nh7 18. Qb2 Bf8 19. Rd1 Nf6 20. Qd2 Nd5 21. Bb2 Bg4 22. Rc1 h5 23. h4 Qf5 24. Kh2 g5 25. hxg5 Qxg5 26. Rh1 Re6 27. Kg1 Rae8 28. Bh3 Bh6 29. Bxg4 Qxg4 30. Rh4 Qg6 31. Qe2 Nf6 32. Ng2 Ng4 33. Rc5 Bg5 34. Nf4 Bxf4 35. exf4 Nf6 36. Rg5 1-0

[Event "RLP Seniors op 17th"]
[Site "Neustadt an der Weinstrasse"]
[Date "2019.07.20"]
[Round "1"]
[White "Holscher, Peter AC"]
[Black "Winter, Reinhold"]
[Result "1-0"]
[WhiteElo "2045"]
[BlackElo "1774"]
[PlyCount "71"]
[EventDate "2019.07.20"]
[EventType "swiss"]
[EventRounds "9"]
[EventCountry "GER"]
[SourceTitle "CBM 192 Extra"]
[Source "Chessbase"]
[SourceDate "2019.11.06"]
[SourceVersion "1"]
[SourceVersionDate "2019.11.06"]
[SourceQuality "1"]

1. d4 d5 2. Nf3 Nf6 3. c4 c6 4. g3 g6 5. Bg2 Bg7 6. 0-0 dxc4 7. Nc3 0-0 8. a4 Nd5 9. e4 Nxc3 10. bxc3 Bg4 11. Rb1 Qd7 12. Be3 Re8 13. Qe2 e5 14. Qxc4 exd4 15. Nxd4 Na6 16. f3 Be6 17. Nxe6 Qxe6 18. Qxe6 Rxe6 19. Rxb7 Bxc3 20. Rd1 c5 21. Rdd7 Rf8 22. Bf1 Bd4 23. Bxd4 cxd4 24. Rxd4 Ra8 25. Rd5 Rc6 26. Ra5 Nc5 27. Raxa7 Rxa7 28. Rxa7 Nb3 29. Rd7 Rc1 30. Rd3 Rb1 31. Rd8+ Kg7 32. Rb8 Nd2 33. Rxb1 Nxb1 34. a5 Nd2 35. a6 Nxf3+ 36. Kf2 1-0

[Event "Steinfurt Bezirksliga 1819"]
[Site "Germany"]
[Date "2019.02.16"]
[Round "7.5"]
[White "Winter, Reinhold"]
[Black "Meinert, Dominik"]
[Result "1-0"]
[WhiteElo "1661"]
[BlackElo "1557"]
[PlyCount "86"]
[EventDate "2018.09.01"]
[EventType "team-tourn"]
[EventRounds "10"]
[EventCountry "GER"]
[SourceTitle "EXT 2020"]
[Source "ChessBase"]
[SourceDate "2019.10.17"]
[SourceVersion "1"]
[SourceVersionDate "2019.10.17"]
[SourceQuality "1"]
[WhiteTeam "Neuenkirchen"]
[BlackTeam "Steinfurt II"]
[WhiteTeamCountry "GER"]
[BlackTeamCountry "GER"]

1. c4 e5 2. Nc3 Nf6 3. g3 Nc6 4. Bg2 Bc5 5. e3 0-0 6. Nge2 Re8 7. Ne4 Nxe4 8. Bxe4 Qf6 9. 0-0 d6 10. Nc3 Be6 11. Nd5 Bxd5 12. Bxd5 Rab8 13. a3 Ne7 14. Bg2 c6 15. b4 Bb6 16. Bb2 c5 17. f4 Qe6 18. Rc1 exf4 19. Rxf4 cxb4 20. axb4 d5 21. Qg4 g6 22. Qxe6 fxe6 23. Be5 Rbc8 24. c5 Bc7 25. Bxc7 Rxc7 26. d4 a6 27. e4 Rf8 28. Rcf1 Rxf4 29. Rxf4 Kg7 30. Kf2 Rd7 31. Bh3 dxe4 32. Rxe4 Nf5 33. Rxe6 Nxd4 34. Rxg6+ Kxg6 35. Bxd7 Nc2 36. b5 axb5 37. Bxb5 Nb4 38. Kf3 Kf6 39. Ke4 Ke6 40. Bc4+ Kd7 41. Bd5 Kc7 42. g4 b5 43. cxb6+ Kxb6 1-0

[Event "Steinfurt Bezirksliga 1819"]
[Site "Germany"]
[Date "2018.12.15"]
[Round "5.5"]
[White "Winter, Reinhold"]
[Black "Krueler, Andreas"]
[Result "0-1"]
[WhiteElo "1661"]
[BlackElo "1545"]
[PlyCount "132"]
[EventDate "2018.09.01"]
[EventType "team-tourn"]
[EventRounds "10"]
[EventCountry "GER"]
[SourceTitle "EXT 2020"]
[Source "ChessBase"]
[SourceDate "2019.10.17"]
[SourceVersion "1"]
[SourceVersionDate "2019.10.17"]
[SourceQuality "1"]
[WhiteTeam "Neuenkirchen"]
[BlackTeam "Steinfurt III"]
[WhiteTeamCountry "GER"]
[BlackTeamCountry "GER"]

1. c4 e5 2. Nc3 a6 3. g3 Bc5 4. e3 Nf6 5. Bg2 c6 6. Nge2 d6 7. d4 exd4 8. exd4 Bb4 9. 0-0 h6 10. a3 Bxc3 11. Nxc3 0-0 12. d5 cxd5 13. Nxd5 Nc6 14. b3 Nxd5 15. Bxd5 Be6 16. Bb2 Qd7 17. Qd2 Bxd5 18. Qxd5 Ne7 19. Qf3 Qc6 20. Qg4 Ng6 21. Rfe1 Rae8 22. f4 Qb6+ 23. Kg2 Qxb3 24. Bxg7 Kxg7 25. f5 Qc3 26. Rxe8 Rxe8 27. Rf1 Qc2+ 28. Rf2 Qe4+ 29. Qxe4 Rxe4 30. fxg6 Kxg6 31. Rb2 Re7 32. Rb6 Rd7 33. Kf3 Kf5 34. h3 h5 35. g4+ hxg4+ 36. hxg4+ Ke5 37. Ke3 Re7 38. a4 Rd7 39. a5 f6 40. Rb4 Rg7 41. Kf3 Kd4 42. Rb6 Rd7 43. Rb4 Kc3 44. Rb6 Kxc4 45. Kf4 Kc5 46. Kf5 Rg7 47. Kxf6 Rxg4 48. Rxb7 Ra4 49. Rd7 Kc6 50. Ke7 Re4+ 51. Kd8 Re5 52. Rc7+ Kb5 53. Kd7 Rd5 54. Ke6 Rd1 55. Rd7 Kxa5 56. Rb7 d5 57. Ke5 Ka4 58. Rb6 a5 59. Rb8 Ka3 60. Rb5 a4 61. Rb8 Ka2 62. Rb4 a3 63. Rb5 Rd2 64. Rc5 Kb3 65. Ra5 a2 66. Rxd5 Rxd5+ 0-1

[Event "Steinfurt Bezirksliga 1819"]
[Site "Germany"]
[Date "2018.09.01"]
[Round "1.4"]
[White "Winter, Reinhold"]
[Black "Peters, Tobias1111"]
[Result "1-0"]
[WhiteElo "1661"]
[BlackElo "1571"]
[PlyCount "105"]
[EventDate "2018.09.01"]
[EventType "team-tourn"]
[EventRounds "10"]
[EventCountry "GER"]
[SourceTitle "EXT 2020"]
[Source "ChessBase"]
[SourceDate "2019.10.17"]
[SourceVersion "1"]
[SourceVersionDate "2019.10.17"]
[SourceQuality "1"]
[WhiteTeam "Neuenkirchen"]
[BlackTeam "Emsdetten Rochade IV"]
[WhiteTeamCountry "GER"]
[BlackTeamCountry "GER"]

1. c4 Nf6 2. Nc3 g6 3. g3 Bg7 4. Bg2 0-0 5. d4 d6 6. e3 e5 7. Nge2 c6 8. 0-0 Bg4 9. h3 Be6 10. d5 Bd7 11. e4 a5 12. a4 c5 13. Bg5 h6 14. Be3 Na6 15. Nb5 Ne8 16. Qd2 Kh7 17. f4 exf4 18. Bxf4 Bxb5 19. axb5 Nb4 20. Ra3 Nf6 21. e5 dxe5 22. Bxe5 Nh5 23. Bxg7 Nxg7 24. g4 Qg5 25. Qxg5 hxg5 26. Re3 f5 27. Re7 Rae8 28. d6 Rxe7 29. dxe7 Re8 30. Bxb7 Rxe7 31. Bf3 Nd3 32. b3 Ne5 33. Nc3 Ne6 34. Nd5 Rf7 35. gxf5 gxf5 36. Bh5 Rf8 37. Re1 Ng7 38. Rxe5 Nxh5 39. Ne3 f4 40. Ng4 Rd8 41. Rxg5 Ng3 42. Rd5 Rc8 43. Kf2 Kg6 44. Kf3 Nh5 45. Ne5+ Kg5 46. Nd3+ Kh4 47. Rxc5 Rg8 48. Rxh5+ Kxh5 49. Nxf4+ Kh4 50. Ne2 Kxh3 51. Nd4 Rg3+ 52. Ke4 Rc3 53. Kd5 1-0

[Event "GER-ch Seniors 65"]
[Site "Hamburg"]
[Date "2018.07.24"]
[Round "4"]
[White "Prueske, Wolfgang"]
[Black "Winter, Reinhold"]
[Result "1-0"]
[WhiteElo "2000"]
[BlackElo "1784"]
[PlyCount "53"]
[EventDate "2018.07.21"]
[EventType "swiss"]
[EventRounds "9"]
[EventCountry "GER"]
[SourceTitle "CBM 186 Extra"]
[Source "ChessBase"]
[SourceDate "2018.08.24"]
[SourceVersion "1"]
[SourceVersionDate "2018.08.24"]
[SourceQuality "1"]

1. e4 d5 2. exd5 Qxd5 3. Nc3 Qd8 4. d4 e6 5. Nf3 Nf6 6. Bc4 Bb4 7. 0-0 Bxc3 8. bxc3 c6 9. Ba3 Nd5 10. Ne5 Nd7 11. Bxd5 cxd5 12. c4 Nxe5 13. dxe5 Qc7 14. cxd5 Qxe5 15. Re1 Qf5 16. Qd4 Qf6 17. Qb4 b6 18. dxe6 fxe6 19. Qe4 Rb8 20. Rad1 Kf7 21. Rd3 Bb7 22. Rd7+ Kg8 23. Rxb7 Rxb7 24. Qxb7 h6 25. Qc8+ Kh7 26. Qxe6 Qc3 27. Qf5+ 1-0

[Event "Zirndorf Cup"]
[Site "Zirndorf"]
[Date "2017.08.31"]
[Round "2"]
[White "Winter, Reinhold"]
[Black "Stein, Tobias"]
[Result "0-1"]
[WhiteElo "1760"]
[BlackElo "2015"]
[PlyCount "92"]
[EventDate "2017.08.30"]
[EventType "swiss"]
[EventRounds "7"]
[EventCountry "GER"]
[SourceTitle "CBM 180 Extra"]
[Source "ChessBase"]
[SourceDate "2017.10.06"]
[SourceVersion "1"]
[SourceVersionDate "2017.10.06"]
[SourceQuality "1"]

1. c4 e5 2. Nc3 Nc6 3. g3 g6 4. Bg2 Bg7 5. e3 d6 6. Nge2 Nf6 7. 0-0 0-0 8. d4 Re8 9. d5 Ne7 10. e4 Nh5 11. h3 f5 12. f3 Rf8 13. g4 Nf6 14. exf5 gxf5 15. Bg5 h6 16. Bh4 Ng6 17. Qe1 Qe8 18. Nb5 Qf7 19. Bf2 a6 20. Nbc3 Bd7 21. Qd2 Rae8 22. g5 hxg5 23. Qxg5 Nh7 24. Qh5 Qf6 25. Be3 Rf7 26. Kh1 Kh8 27. Bh6 Bxh6 28. Qxh6 Rg8 29. Rg1 Nh4 30. Qxf6+ Nxf6 31. f4 Rfg7 32. fxe5 dxe5 33. Bf1 Rxg1+ 34. Nxg1 Nh5 35. Be2 Ng3+ 36. Kh2 e4 37. Rd1 f4 38. Bg4 Bxg4 39. hxg4 e3 40. Kh3 Ng6 41. d6 cxd6 42. Rxd6 Kg7 43. Nge2 Rh8+ 44. Kg2 Nh4+ 45. Kg1 Nf3+ 46. Kg2 Ne1+ 0-1

[Event "Regensburg Donau Cup"]
[Site "Regensburg"]
[Date "2017.05.27"]
[Round "5"]
[White "Winter, Reinhold"]
[Black "Krupke, Hardi"]
[Result "1-0"]
[WhiteElo "1567"]
[BlackElo "1602"]
[PlyCount "91"]
[EventDate "2017.05.24"]
[EventType "swiss"]
[EventRounds "7"]
[EventCountry "GER"]
[SourceTitle "CBM 178 Extra"]
[Source "ChessBase"]
[SourceDate "2017.06.22"]
[SourceVersion "1"]
[SourceVersionDate "2017.06.22"]
[SourceQuality "1"]

1. c4 e6 2. Nc3 d5 3. cxd5 exd5 4. d4 c6 5. Nf3 Bd6 6. a3 Bf5 7. e3 Nf6 8. Bd3 Bxd3 9. Qxd3 0-0 10. 0-0 Re8 11. b4 Nbd7 12. Bb2 Ne4 13. Na4 Nb6 14. Nxb6 Qxb6 15. Rfb1 Re6 16. Bc1 Qc7 17. b5 Rh6 18. h3 Rh5 19. bxc6 Qxc6 20. Qb5 Qc2 21. Rb2 Qd1+ 22. Qf1 Qxf1+ 23. Kxf1 b6 24. Rc2 Rd8 25. Bb2 Bb8 26. Rac1 Nd6 27. Ne5 f6 28. Nc6 Re8 29. Nxb8 Rxb8 30. Rc7 Nc4 31. Rc2 a6 32. Bc1 Rf8 33. Rc6 Re8 34. Kg1 Kf7 35. Kh2 Rh6 36. e4 Rxe4 37. Bxh6 gxh6 38. Rc3 Rxd4 39. Rf3 Kg7 40. Rfxf6 Ne5 41. Rcd6 Ra4 42. Rfe6 Nc4 43. Rxd5 Rxa3 44. Rd7+ Kf8 45. Rc6 Ke8 46. Rxh7 1-0

[Event "Regensburg Donau Cup"]
[Site "Regensburg"]
[Date "2017.05.25"]
[Round "3"]
[White "Winter, Reinhold"]
[Black "Boehm, Tobias"]
[Result "1-0"]
[WhiteElo "1567"]
[BlackElo "1340"]
[PlyCount "151"]
[EventDate "2017.05.24"]
[EventType "swiss"]
[EventRounds "7"]
[EventCountry "GER"]
[SourceTitle "CBM 178 Extra"]
[Source "ChessBase"]
[SourceDate "2017.06.22"]
[SourceVersion "1"]
[SourceVersionDate "2017.06.22"]
[SourceQuality "1"]

1. c4 e5 2. Nc3 Bc5 3. e3 Nc6 4. Na4 b6 5. Nxc5 bxc5 6. b3 d6 7. Qf3 Bb7 8. Qg4 Qf6 9. Bb2 Nb4 10. Qd1 Qf5 11. d3 Nf6 12. f3 Qg5 13. Qe2 Qh4+ 14. Kd2 Qh6 15. Nh3 Qg6 16. Bc3 a5 17. a3 Nc6 18. Nf2 Rd8 19. Ne4 Nxe4+ 20. fxe4 f5 21. exf5 Qxf5 22. e4 Qf4+ 23. Qe3 0-0 24. Qxf4 Rxf4 25. Be2 Rf2 26. Rhg1 Nd4 27. Bxd4 cxd4 28. Raf1 Rdf8 29. Ke1 R2f6 30. Rxf6 Rxf6 31. Bf3 Bc8 32. h3 c5 33. Ke2 Rg6 34. Rf1 Rg3 35. Rb1 Rg6 36. b4 axb4 37. axb4 Re6 38. Bg4 Re8 39. Bxc8 Rxc8 40. b5 Rb8 41. Ra1 Kf7 42. Ra7+ Kf6 43. Rd7 Rb6 44. Kf3 h6 45. g4 g5 46. Rh7 Kg6 47. Ra7 Rb8 48. Ra6 Rd8 49. Rc6 Kf6 50. Ra6 Ke6 51. Ra7 Kf6 52. Kg3 Kg6 53. Ra6 Kf6 54. h4 Rd7 55. h5 Ke6 56. Kf3 Ke7 57. b6 Ke6 58. Ra7 Rd8 59. Rh7 Rb8 60. b7 Kf6 61. Rxh6+ Kg7 62. Rg6+ Kf7 63. Rxg5 Rxb7 64. Rg6 Rd7 65. g5 Rd8 66. Rf6+ Kg7 67. h6+ Kh7 68. Kg4 d5 69. exd5 e4 70. dxe4 Re8 71. Kh5 Rxe4 72. g6+ Kg8 73. h7+ Kg7 74. Rf7+ Kh8 75. Rf8+ Kg7 76. h8Q# 1-0

[Event "Muensterland Verbandsklasse 1617"]
[Site "Germany"]
[Date "2017.03.25"]
[Round "8.7"]
[White "Gravenkoetter, Christian"]
[Black "Winter, Reinhold"]
[Result "1-0"]
[WhiteElo "1689"]
[BlackElo "1567"]
[PlyCount "55"]
[EventDate "2016.09.24"]
[EventType "team"]
[EventRounds "9"]
[EventCountry "GER"]
[SourceTitle "EXT 2018"]
[Source "ChessBase"]
[SourceDate "2017.10.13"]
[SourceVersion "1"]
[SourceVersionDate "2017.10.13"]
[SourceQuality "1"]
[WhiteTeam "Metelen"]
[BlackTeam "Neuenkirchen II"]
[WhiteTeamCountry "GER"]
[BlackTeamCountry "GER"]

1. e4 c6 2. d4 d5 3. e5 Bf5 4. Bd3 Bxd3 5. Qxd3 e6 6. Nf3 h6 7. Be3 Ne7 8. Nbd2 Nf5 9. 0-0 Nd7 10. c3 Qb6 11. b3 c5 12. h3 Rc8 13. g4 cxd4 14. cxd4 Nxe3 15. fxe3 Ba3 16. Rad1 0-0 17. g5 hxg5 18. Nxg5 g6 19. Rf2 Rc1 20. Rxc1 Bxc1 21. Ndf3 Kg7 22. h4 f6 23. h5 f5 24. h6+ Kh8 25. Nh4 Rg8 26. Nhf3 Ba3 27. Nf7+ Kh7 28. N3g5# 1-0

[Event "Muensterland Verbandsklasse 1617"]
[Site "Germany"]
[Date "2017.01.21"]
[Round "5.7"]
[White "Winter, Reinhold"]
[Black "Schulte Austum, Frank"]
[Result "0-1"]
[WhiteElo "1567"]
[BlackElo "1735"]
[PlyCount "76"]
[EventDate "2016.09.24"]
[EventType "team"]
[EventRounds "9"]
[EventCountry "GER"]
[SourceTitle "EXT 2018"]
[Source "ChessBase"]
[SourceDate "2017.10.13"]
[SourceVersion "1"]
[SourceVersionDate "2017.10.13"]
[SourceQuality "1"]
[WhiteTeam "Neuenkirchen II"]
[BlackTeam "Nienberge II"]
[WhiteTeamCountry "GER"]
[BlackTeamCountry "GER"]

1. c4 e5 2. Nc3 Nc6 3. g3 f5 4. e3 Nf6 5. Bg2 d6 6. Nge2 g6 7. d4 Bd7 8. Nd5 Bg7 9. Nxf6+ Bxf6 10. d5 Ne7 11. Bd2 0-0 12. 0-0 c6 13. dxc6 Bxc6 14. Bxc6 Nxc6 15. Bc3 Qe7 16. Qd5+ Qf7 17. Rfd1 Rfd8 18. Rd2 Qxd5 19. Rxd5 Kf7 20. Rad1 Ke6 21. f4 Rac8 22. b3 Be7 23. Kf2 Rc7 24. fxe5 dxe5 25. Kf3 Rcd7 26. e4 Bf6 27. g4 Ne7 28. gxf5+ gxf5 29. Nf4+ exf4 30. Bxf6 Nxd5 31. Bxd8 fxe4+ 32. Kf2 Rxd8 33. cxd5+ Rxd5 34. Re1 Rd2+ 35. Re2 Rxe2+ 36. Kxe2 Kd5 37. h4 h5 38. a3 Kd4 0-1

[Event "Steinfurt Bezirksliga 1516"]
[Site "Germany"]
[Date "2016.03.12"]
[Round "7.6"]
[White "Winter, Reinhold"]
[Black "Hohenberger, Rudolf"]
[Result "1/2-1/2"]
[WhiteElo "1594"]
[BlackElo "1355"]
[PlyCount "66"]
[EventDate "2015.09.19"]
[EventType "team-tourn"]
[EventRounds "9"]
[EventCountry "GER"]
[SourceTitle "EXT 2017"]
[Source "ChessBase"]
[SourceDate "2016.10.25"]
[SourceVersion "1"]
[SourceVersionDate "2016.10.25"]
[SourceQuality "1"]
[WhiteTeam "Neuenkirchen II"]
[BlackTeam "Westerkappeln"]
[WhiteTeamCountry "GER"]
[BlackTeamCountry "GER"]

1. c4 e6 2. d4 d5 3. cxd5 Qxd5 4. Nc3 Bb4 5. a3 Bxc3+ 6. bxc3 Nf6 7. Nf3 Nc6 8. g3 0-0 9. Bg2 Re8 10. 0-0 Qc4 11. Bb2 e5 12. e3 exd4 13. cxd4 Bg4 14. h3 Bxf3 15. Bxf3 Ne4 16. Rc1 Qe6 17. Kg2 Rad8 18. Bxe4 Qxe4+ 19. Qf3 Qxf3+ 20. Kxf3 Rd7 21. Rc2 Ne7 22. Rfc1 c6 23. Rb1 Nd5 24. Bc1 Nf6 25. Rcb2 b6 26. Rc2 Rd6 27. Bd2 Ne4 28. Be1 Rf6+ 29. Kg2 Ng5 30. Rbc1 Rc8 31. Bb4 Ne4 32. h4 a5 33. Be1 Re6 1/2-1/2

[Event "Bad Woerishofen Seniors op 32nd"]
[Site "Bad Woerishofen"]
[Date "2016.03.04"]
[Round "8"]
[White "Schlemminger, Degenhard"]
[Black "Winter, Reinhold"]
[Result "0-1"]
[WhiteElo "1678"]
[BlackElo "1748"]
[PlyCount "102"]
[EventDate "2016.02.26"]
[EventType "swiss"]
[EventRounds "9"]
[EventCountry "GER"]
[SourceTitle "EXT 2019"]
[Source "ChessBase"]
[SourceDate "2018.10.10"]
[SourceVersion "1"]
[SourceVersionDate "2018.10.10"]
[SourceQuality "1"]

1. e4 d5 2. exd5 Qxd5 3. Nc3 Qa5 4. Nf3 Bg4 5. Be2 e6 6. 0-0 Nf6 7. d3 Be7 8. Nd2 Bxe2 9. Qxe2 c6 10. Nf3 0-0 11. Bd2 Qc7 12. Rfe1 Nbd7 13. b3 Nd5 14. g3 Bf6 15. Nxd5 cxd5 16. Bf4 Qa5 17. d4 Rac8 18. a4 Qc3 19. Rac1 Bxd4 20. Nxd4 Qxd4 21. Be3 Qb4 22. Qb5 Qxb5 23. axb5 b6 24. f4 g6 25. Re2 Rc7 26. c4 dxc4 27. Rxc4 Rxc4 28. bxc4 Rc8 29. Rc2 e5 30. Kf2 e4 31. Bd4 f5 32. h4 h5 33. Ke3 Kf7 34. Rc3 Ke6 35. Ra3 Rxc4 36. Rxa7 Rb4 37. Ra3 Rxb5 38. Rc3 Nc5 39. Kd2 Kd5 40. Bf6 Rb3 41. Rxb3 Nxb3+ 42. Kc3 Nc5 43. Be7 e3 44. Kc2 Ke4 45. Bf6 Kf3 46. Bc3 Kxg3 47. Kd1 Kxf4 48. Ke2 Ke4 49. Bb4 f4 50. Kd1 f3 51. Ke1 Nd3+ 0-1

[Event "Bad Woerishofen Seniors op 32nd"]
[Site "Bad Woerishofen"]
[Date "2016.02.27"]
[Round "2"]
[White "Daeubler, Heinrich"]
[Black "Winter, Reinhold"]
[Result "1-0"]
[WhiteElo "2159"]
[BlackElo "1748"]
[PlyCount "53"]
[EventDate "2016.02.26"]
[EventType "swiss"]
[EventRounds "9"]
[EventCountry "GER"]
[SourceTitle "EXT 2019"]
[Source "ChessBase"]
[SourceDate "2018.10.10"]
[SourceVersion "1"]
[SourceVersionDate "2018.10.10"]
[SourceQuality "1"]

1. d4 Nf6 2. c4 e6 3. Nf3 b6 4. g3 Bb7 5. Bg2 d5 6. 0-0 dxc4 7. Qa4+ Qd7 8. Qxc4 Qc6 9. Qb3 Qd5 10. Qc2 Bd6 11. Ne1 Ne4 12. Nc3 Qxd4 13. Nxe4 0-0 14. Ng5 g6 15. Bxb7 Nd7 16. Bxa8 Rxa8 17. Nef3 Qg7 18. Qc6 Rd8 19. Rd1 h6 20. Ne4 Ne5 21. Nxe5 Qxe5 22. Bxh6 Qxb2 23. Bg5 Rb8 24. Bf6 Qxe2 25. Nxd6 cxd6 26. Qxd6 Rc8 27. Qd8+ 1-0

[Event "Steinfurt Bezirksliga 1516"]
[Site "Germany"]
[Date "2016.02.20"]
[Round "6.5"]
[White "Winter, Reinhold"]
[Black "Stoffers, Elsbeth"]
[Result "1/2-1/2"]
[WhiteElo "1594"]
[BlackElo "1400"]
[PlyCount "82"]
[EventDate "2015.09.19"]
[EventType "team-tourn"]
[EventRounds "9"]
[EventCountry "GER"]
[SourceTitle "EXT 2017"]
[Source "ChessBase"]
[SourceDate "2016.10.25"]
[SourceVersion "1"]
[SourceVersionDate "2016.10.25"]
[SourceQuality "1"]
[WhiteTeam "Neuenkirchen II"]
[BlackTeam "Steinfurt III"]
[WhiteTeamCountry "GER"]
[BlackTeamCountry "GER"]

1. c4 c6 2. Nc3 Nf6 3. d4 d5 4. cxd5 cxd5 5. g3 e6 6. Bg5 Be7 7. Nf3 h6 8. Bxf6 Bxf6 9. e3 Nc6 10. Bg2 Bd7 11. 0-0 a6 12. a3 0-0 13. b4 Rc8 14. Qb3 b5 15. Rfc1 Ne7 16. a4 bxa4 17. Nxa4 Bb5 18. Bf1 Qd7 19. Nc5 Qd6 20. Bxb5 axb5 21. Ra6 Qxa6 22. Nxa6 Rxc1+ 23. Kg2 Rfc8 24. Nc5 Ra8 25. Nd7 Raa1 26. Nxf6+ gxf6 27. Qd3 Nf5 28. Qxb5 Nxe3+ 29. fxe3 Rc2+ 30. Kh3 Rf2 31. Qb8+ Kg7 32. Qf4 Rh1 33. Qg4+ Kh7 34. e4 Rhf1 35. Nh4 Rh1 36. Qh5 Rhxh2+ 37. Kg4 f5+ 38. exf5 exf5+ 39. Qxf5+ Rxf5 40. Kxf5 Rb2 41. Ke5 Rxb4 1/2-1/2

[Event "Sachsen-Anhalt-ch Seniors 23rd"]
[Site "Halberstadt"]
[Date "2015.06.02"]
[Round "3"]
[White "Geisler, Reinhard"]
[Black "Winter, Reinhold"]
[Result "1-0"]
[WhiteElo "1721"]
[BlackElo "1517"]
[PlyCount "111"]
[EventDate "2015.05.31"]
[EventType "swiss"]
[EventRounds "7"]
[EventCountry "GER"]
[SourceTitle "EXT 2018"]
[Source "ChessBase"]
[SourceDate "2017.10.13"]
[SourceVersion "1"]
[SourceVersionDate "2017.10.13"]
[SourceQuality "1"]

1. d4 Nf6 2. c4 e6 3. g3 d5 4. Nf3 Bb4+ 5. Bd2 Qe7 6. Bg2 Ne4 7. 0-0 Bxd2 8. Nbxd2 f5 9. Rc1 0-0 10. Ne5 Nxd2 11. Qxd2 c6 12. f3 Nd7 13. Nxd7 Bxd7 14. e4 dxc4 15. Rxc4 fxe4 16. fxe4 Rxf1+ 17. Bxf1 Rf8 18. Bg2 Qf7 19. Rc1 Qe7 20. a3 a6 21. b4 Bc8 22. Re1 Qd7 23. Qe3 Rd8 24. Rd1 Qe7 25. Rd2 h6 26. h4 g5 27. e5 Qg7 28. Rf2 Rf8 29. Rxf8+ Kxf8 30. Qf3+ Ke7 31. Qc3 gxh4 32. gxh4 Kd8 33. Kh1 Qg4 34. Qc5 Qxh4+ 35. Kg1 Qe7 36. Qc1 Qg7 37. a4 Bd7 38. Kf2 h5 39. Qc5 Kc8 40. b5 axb5 41. axb5 Qf7+ 42. Ke2 Qg8 43. Bf3 Qf7 44. Qa7 cxb5 45. Qa8+ Kc7 46. Qxb7+ Kd8 47. Qb8+ Ke7 48. Qd6+ Ke8 49. d5 exd5 50. Bxd5 Qf5 51. e6 Qg4+ 52. Kd3 Qf5+ 53. Kc3 Qf6+ 54. Kb3 Bxe6 55. Bxe6 Qf3+ 56. Kb4 1-0

[Event "Sachsen-Anhalt-ch Seniors 23rd"]
[Site "Halberstadt"]
[Date "2015.05.31"]
[Round "1"]
[White "Winter, Reinhold"]
[Black "Breitfeld, Joachim"]
[Result "1/2-1/2"]
[WhiteElo "1517"]
[BlackElo "1861"]
[PlyCount "120"]
[EventDate "2015.05.31"]
[EventType "swiss"]
[EventRounds "7"]
[EventCountry "GER"]
[SourceTitle "EXT 2018"]
[Source "ChessBase"]
[SourceDate "2017.10.13"]
[SourceVersion "1"]
[SourceVersionDate "2017.10.13"]
[SourceQuality "1"]

1. c4 Nf6 2. d4 g6 3. Nc3 d5 4. cxd5 Nxd5 5. g3 Bg7 6. Bg2 Nb6 7. e3 0-0 8. Nge2 Nc6 9. 0-0 Rb8 10. b3 Nb4 11. a3 N4d5 12. Bb2 Nxc3 13. Nxc3 c6 14. Rc1 Be6 15. Ne4 Bd5 16. Nc5 Bxg2 17. Kxg2 Nd7 18. Nxd7 Qxd7 19. Qf3 e6 20. Rc2 Rfd8 21. Rfc1 a6 22. b4 Qe7 23. h4 h5 24. Rc5 Rd7 25. a4 Rd5 26. Ba3 Rxc5 27. Rxc5 Qd7 28. a5 Bf8 29. Rc4 Qd5 30. Qxd5 exd5 31. Rc3 Re8 32. f4 f5 33. Kf3 Kf7 34. Rb3 Ke6 35. Ke2 Kd7 36. Kd3 Kc7 37. Bc1 b6 38. axb6+ Kxb6 39. Bd2 Kb5 40. Rb1 Rb8 41. Ra1 Bd6 42. Ra5+ Kb6 43. Ra2 Ka7 44. Ra4 Rb5 45. Kc3 Bc7 46. Kc2 Bb6 47. Bc3 Bd8 48. Kd3 Kb7 49. Kc2 a5 50. bxa5 Ka6 51. Ra3 Bxa5 52. Bxa5 Rxa5 53. Rxa5+ Kxa5 54. Kb3 Kb5 55. Kc3 Ka4 56. Kb2 Kb4 57. Kc2 Kc4 58. Kd2 Kb3 59. Kd3 Kb4 60. Kc2 Kc4 1/2-1/2

[Event "Steinfurt Bezirksliga 1415"]
[Site "Germany"]
[Date "2014.11.29"]
[Round "4.8"]
[White "Lerch, Heinz"]
[Black "Winter, Reinhold"]
[Result "0-1"]
[WhiteElo "1457"]
[BlackElo "1518"]
[PlyCount "90"]
[EventDate "2014.09.06"]
[EventType "team-tourn"]
[EventRounds "9"]
[EventCountry "GER"]
[SourceTitle "EXT 2016"]
[Source "ChessBase"]
[SourceDate "2015.10.08"]
[SourceVersion "1"]
[SourceVersionDate "2015.10.08"]
[SourceQuality "1"]
[WhiteTeam "Saerbeck II"]
[BlackTeam "Neuenkirchen II"]
[WhiteTeamCountry "GER"]
[BlackTeamCountry "GER"]

1. d4 Nf6 2. c4 e6 3. Nc3 Bb4 4. a3 Bxc3+ 5. bxc3 d5 6. e3 0-0 7. Nf3 Nbd7 8. Bd3 dxc4 9. Bxc4 a6 10. a4 Re8 11. 0-0 c5 12. Bd3 Qc7 13. Qc2 cxd4 14. cxd4 Qxc2 15. Bxc2 b6 16. e4 Bb7 17. Re1 Rec8 18. Bd3 Rc3 19. Ra3 Rac8 20. Rxc3 Rxc3 21. Bb1 Rc4 22. Bg5 h6 23. Bf4 Rxa4 24. h4 b5 25. g4 Nxg4 26. d5 exd5 27. Nd2 dxe4 28. Nxe4 Bxe4 29. Bxe4 Ngf6 30. f3 Nxe4 31. Rxe4 Rxe4 32. fxe4 f6 33. Kf2 Kf7 34. Ke3 Ke6 35. Kd4 g5 36. hxg5 hxg5 37. Bh2 a5 38. Bc7 a4 39. Ba5 g4 40. Be1 a3 41. Bc3 a2 42. Ke3 f5 43. Kf4 fxe4 44. Kxg4 Kd5 45. Kf4 Nc5 0-1